000 01000cam a22002891 4500
001 gs 47000238
003 DLC
005 20260227111352.0
008 850404s1947 mauf 000 0 eng c
010 _ags 47000238
035 _a(OCoLC)11887237
040 _aU. S. Geol. Survey. Libr.
_cTxHR
_dOCoLC
_dDLC
042 _apremarc
050 0 0 _aQE772
_b.C725
082 _a563.12
100 1 _aCushman, Joseph A.
_q(Joseph Augustine),
_d1881-1949.
245 1 3 _aAn Eocene foraminiferal fauna from the Chira shale of Peru,
_cby Joseph A. Cushman and Benton Stone.
260 _aSharon, Mass.,
_c1947.
300 _a27 p.
_b4 pl. on 2 l.
_c23 cm.
410 2 0 _aCushman Foundation for Foraminiferal Research.
_tSpecial publication
_vno. 20
500 _aCover title.
500 _a"Published through aid of Frieda B. Cushman publication fund."
650 0 _aForaminifera, Fossil.
650 0 _aPaleontology
_yEocene.
650 0 _aPaleontology
_zPeru.
700 1 _aStone, Benton,
_ejoint author.
999 _c28179
_d28179